000 00284nam a2200121Ia 4500
008 190216s9999||||xx |||||||||||||| ||und||
100 _aThayat Sankaran
245 0 _aSoorpanaka
260 _bPoorna Pubs Kozhikode
_c1985
300 _a90p
650 _aMalayalam Nadakam
942 _cBK
999 _c25656
_d25656